书目信息 |
| 题名: |
王海忠告
|
|
| 作者: | 王海 , 刘元 编著 | |
| 分册: | ||
| 出版信息: | 北京 法律出版社 1999.05 |
|
| 页数: | 389页 | |
| 开本: | 32开 | |
| 丛书名: | ||
| 单 册: | ||
| 中图分类: | D923.804 | |
| 科图分类: | ||
| 主题词: | 商品--基本知识 , 消费者权益保护法--基本知识--中国 | |
| 电子资源: | ||
| ISBN: | 7-5036-2735-2 | |
| 000 | 00621nam0 2200217 45 | |
| 001 | 0109251532 | |
| 005 | 20031219104050.7 | |
| 010 | @a7-5036-2735-2@dCNY18.00 | |
| 100 | @a20010925d1999 km y0chiy0120 ea | |
| 101 | 0 | @achi |
| 105 | @a z 000yy | |
| 200 | 1 | @a王海忠告@AWang Hai Zhong Gao@f王海,刘元编著@FWang Hai,Liu Yuan Bian Zhu |
| 210 | @a北京@c法律出版社@d1999.05 | |
| 215 | @a389页@d32开 | |
| 606 | 0 | @a商品@x基本知识 |
| 606 | 0 | @a消费者权益保护法@x基本知识@y中国 |
| 690 | @aD923.804@v4 | |
| 701 | @a王海@4编著 | |
| 701 | 0 | @a刘元@4编著 |
| 801 | @aCN@bTSTC@c20010925 | |
| 905 | @f5@b299180-184@dD923.804@e290 | |
| 王海忠告/王海,刘元编著.-北京:法律出版社,1999.05 |
| 389页;32开 |
| ISBN 7-5036-2735-2:CNY18.00 |
| ● |
| 相关链接 |
|
|
|
|
正题名:王海忠告
索取号:D923.804/290
 
预约/预借
| 序号 | 登录号 | 条形码 | 馆藏地/架位号 | 状态 | 备注 |
| 1 | 0299180 | 202991806 | 第一借阅区/ [索取号:D923.804/290] | 在馆 | |
| 2 | 0299181 | 202991815 | 第一借阅区/ [索取号:D923.804/290] | 在馆 | |
| 3 | 0299182 | 202991824 | 第一借阅区/ [索取号:D923.804/290] | 在馆 | |
| 4 | 0299183 | 202991833 | 第一借阅区/ [索取号:D923.804/290] | 在馆 | |
| 5 | 0299184 | 202991842 | 第一样本阅览室/ [索取号:D923.804/290] | 在馆 |